Xây dựng hệ hỗ trợ tư vấn cho khách hàng tại Viễn Thông A tỉnh Gia Lai

Ứng dụng lý thuyết của hệ chuyên gia vào việc xây dựng hệ thống hỗ trợ tư vấn khách hàng. Xây dựng cơ sở tri thức cho hệ thống tư vấn khách hàng tại Viễn Thông A – Gia Lai. Xây dựng cơ sở dữ liệu thành các luật và sự kiện, tạo thành kho dữ liệu có khả năng cập nhật và truy xuất thông minh tư vấn khá...

Descripció completa

Guardat en:
Dades bibliogràfiques
Autor principal: Trần Nam Giang
Altres autors: Nguyễn Thanh Bình PGS.TS. (Hướng dẫn)
Format: Llibre
Idioma:Vietnamese
Publicat: Đà Nẵng Trường Đại học sư phạm Đà Nẵng 2017
Matèries:
Etiquetes: Afegir etiqueta
Sense etiquetes, Sigues el primer a etiquetar aquest registre!
Thư viện lưu trữ: Mạng thư viện Đại học Đà Nẵng
LEADER 02072nam a2200349 4500
001 000024965
003 21456
005 20170419100423.0
008 170410s2017 viesd
041 |a vie 
082 1 4 |a 006.75  |b TR-G 
100 1 |a Trần Nam Giang 
245 1 |a Xây dựng hệ hỗ trợ tư vấn cho khách hàng tại Viễn Thông A tỉnh Gia Lai  |c Trần Nam Giang ; Nguyễn Thanh Bình hướng dẫn.  |k Luận văn Thạc sĩ 
260 |a Đà Nẵng  |b Trường Đại học sư phạm Đà Nẵng  |c 2017 
300 |a 64 tr., phụ lục 3 tr.  |c 29 cm.  |e Tóm tắt 
500 |a Luận văn thạc sĩ . Chuyên ngành: Hệ thống thông tin. Mã số: 60.48.01.04 
520 3 |a Ứng dụng lý thuyết của hệ chuyên gia vào việc xây dựng hệ thống hỗ trợ tư vấn khách hàng. Xây dựng cơ sở tri thức cho hệ thống tư vấn khách hàng tại Viễn Thông A – Gia Lai. Xây dựng cơ sở dữ liệu thành các luật và sự kiện, tạo thành kho dữ liệu có khả năng cập nhật và truy xuất thông minh tư vấn khách hàng và xây dựng hệ thống có giao diện người dùng thân thiện, cho phép cập nhật dữ liệu thƣờng xuyên để làm giàu kho dữ liệu. 
650 0 4 |a Hệ thống đa phương tiện  |v Luận văn tốt nghiệp  |x Hệ thống hỗ trợ tư vấn khách hàng  |z Gia Lai 
653 |a Hệ thống thông tin 
653 |a Cơ sở dữ liệu 
653 |a Hệ thống tư vấn khách hàng 
700 1 |a Nguyễn Thanh Bình  |c PGS.TS.  |e Hướng dẫn 
OWN |a LSP 
AVA |a UDN50  |b LSP  |d 006.75 TR-G  |e available  |t Error 5001 Not defined in file expand_doc_bib_avail.  |f 1  |g 0  |h N  |i 0  |k 1 
999 |a From the UDN01 
AVA |a UDN50  |b LSP  |d 006.75 TR-G  |e available  |t Error 5001 Not defined in file expand_doc_bib_avail.  |f 1  |g 0  |h N  |i 0  |k 1 
TYP |a Monograph 
TYP |a Printed language 
980 |a Mạng thư viện Đại học Đà Nẵng